00740nam a2200193Ia 4500003000900000008002700009020001900036040002800055100003000083245006400113250002300177260003100200300006200231490009700293500004300390650003800433650004400471650003100515CO-ViMGA180103s9999 xx 000 0 und d a 9789588954554 aCO-ViMGAbspacCO-ViMGA1 a Paredes, Julio, d 1957-10a 29 cartas :bautobiografía en silencio /cJulio Paredes. aEdición especial a Bogotá :bBabel,c 2017 a 275 páginas :bfotografias en blanco y negro ;e18 cm. a(Frontera). (Plan Nacional de Lectura y Escritura Leer es mi Cuento / Ministerio de Cultura) a Incluye datos biográficos del autor14aLiteratura Colombiana - Siglo Xxi14aNovela Epistolar Colombiana - Siglo Xxi14aRecuerdos En La Literatura